Co-existence and conflicts everyday life of a lay religious confraternity /
Elmentve itt :
| Szerző: | |
|---|---|
| Testületi szerző: | |
| Dokumentumtípus: | Könyv része |
| Megjelent: |
1999
|
| Sorozat: | Szegedi vallási néprajzi könyvtár
2 Religious movements and communities in the 19-20. centuries 2 |
| Kulcsszavak: | Vallási néprajz - 20. sz. |
| Tárgyszavak: | |
| Online Access: | http://acta.bibl.u-szeged.hu/70044 |
| LEADER | 01004naa a2200265 i 4500 | ||
|---|---|---|---|
| 001 | acta70044 | ||
| 005 | 20230309155151.0 | ||
| 008 | 200914s1999 hu o 0|| eng d | ||
| 020 | |a 963 482 316 5 | ||
| 022 | |a 1419-1288 | ||
| 040 | |a SZTE Egyetemi Kiadványok Repozitórium |b hun | ||
| 041 | |a eng | ||
| 100 | 1 | |a Barna Gábor | |
| 245 | 1 | 0 | |a Co-existence and conflicts |h [elektronikus dokumentum] : |b everyday life of a lay religious confraternity / |c Barna Gábor |
| 260 | |c 1999 | ||
| 300 | |a 29-42 | ||
| 490 | 0 | |a Szegedi vallási néprajzi könyvtár |v 2 | |
| 490 | 0 | |a Religious movements and communities in the 19-20. centuries |v 2 | |
| 650 | 4 | |a Társadalomtudományok | |
| 650 | 4 | |a Szociológia | |
| 650 | 4 | |a Bölcsészettudományok | |
| 650 | 4 | |a Filozófia, etika és vallástudományok | |
| 695 | |a Vallási néprajz - 20. sz. | ||
| 710 | |a Finnish-Hungarian Folklore Symposium (11.) (1998) (Szeged) | ||
| 856 | 4 | 0 | |u http://acta.bibl.u-szeged.hu/70044/1/szegedi_vallasi_002_029-042.pdf |z Dokumentum-elérés |